[Event "Sachsen-Anhalt Verbandsliga 1920"]
[Site "Sachsen Anhalt"]
[Date "2019.10.20"]
[Round "2.5"]
[White "Hintzsche, Ingolf"]
[Black "Reichert, Thomas"]
[Result "1/2-1/2"]
[WhiteElo "1979"]
[BlackElo "1910"]
[PlyCount "71"]
[EventDate "2019.09.29"]
[EventType "team-tourn"]
[EventRounds "9"]
[EventCountry "GER"]
[SourceTitle "EXT 2023"]
[Source "ChessBase"]
[SourceDate "2022.10.05"]
[SourceVersion "1"]
[SourceVersionDate "2022.10.05"]
[SourceQuality "1"]
[WhiteTeam "Graefenhainichen"]
[BlackTeam "Magdeburg USC"]
[WhiteTeamCountry "GER"]
[BlackTeamCountry "GER"]

1. e4 Nf6 2. e5 Nd5 3. d4 d6 4. c4 Nb6 5. exd6 exd6 6. Bd3 Nc6 7. Ne2 Bg4 8. Be3 Be7 9. Nbc3 0-0 10. a3 Bf6 11. Qc2 g6 12. h3 Bxe2 13. Nxe2 a5 14. 0-0 Re8 15. Rad1 Bg7 16. b3 Qh4 17. Kh2 Qe7 18. Qd2 Qf8 19. Bc2 a4 20. Qc1 Na5 21. c5 axb3 22. cxb6 bxc2 23. Qxc2 cxb6 24. Rd3 d5 25. Nc3 Qd6+ 26. g3 Nc4 27. Bf4 Qd7 28. a4 Qf5 29. Rfd1 Rec8 30. Qb3 g5 31. Be3 Nxe3 32. fxe3 Qf2+ 33. Kh1 Qf3+ 34. Kh2 Qf2+ 35. Kh1 Qf3+ 36. Kh2 1/2-1/2